| 000 | 00448nam a2200169Ia 4500 | ||
|---|---|---|---|
| 008 | 191130s2003##################000#0#eng## | ||
| 020 | _a9788179040287 | ||
| 040 |
_aACL _cACL |
||
| 082 | _a370.114 APP | ||
| 245 | _aGood Habits | ||
| 260 |
_aChennai _bApple Publishing International _c2003 |
||
| 300 | _a6p. : ill | ||
| 650 | _aEducation | ||
| 990 | _abca12be9ac10000c0605897b253d4397 | ||
| 991 | _a63836 | ||
| 999 |
_c265687 _d265687 |
||